Your second phase: (Record no. 181556)

MARC details
000 -LEADER
fixed length control field 00598nam a22001817a 4500
005 - DATE AND TIME OF LATEST TRANSACTION
control field 20210923151406.0
010 ## - LCCN (DPL NO)
LC control number ENG-129952
020 ## - INTERNATIONAL STANDARD BOOK NUMBER
International Standard Book Number 978-93-5388-731-5
Terms of availability 550.00
035 ## - SYSTEM CONTROL NUMBER
System control number EN-113484
037 ## - SOURCE OF ACQUISITION
Source of stock number/acquisition DBAD/PUB
082 ## - DEWEY DECIMAL CLASSIFICATION NUMBER
Classification number 618.175
100 ## - MAIN ENTRY--PERSONAL NAME
Personal name Usher,Kate
245 ## - TITLE STATEMENT
Title Your second phase:
Statement of responsibility, etc by Kate Usher
Remainder of title Reclaiming work and Relationship during and after menopause/
260 ## - PUBLICATION, DISTRIBUTION, ETC. (IMPRINT)
Name of publisher, distributor, etc Sage
Place of publication, distribution, etc India
Date of publication, distribution, etc 2021
270 ## - ADDRESS
City New Delhi
Postal code 110044
Address B1/1-1,Mohan Cooperative industrial Area Mathura road Post Bag 7
300 ## - PHYSICAL DESCRIPTION
Extent 266p.
Dimensions 25cm(pbk)
942 ## - ADDED ENTRY ELEMENTS (KOHA)
Source of classification or shelving scheme Dewey Decimal Classification
Item type English Books
Classification part 618.175
Call number suffix USH
Holdings
Withdrawn status Lost status Not for loan Collection code Home library Current library Date acquired Source of acquisition Cost, normal purchase price Full call number Barcode Copy number Cost, replacement price Koha item type
      Non-fiction Shahdara Branch Shahdara Branch 23/09/2021 DBAD/PUB 550.00 618.175 USH EN-113484 1 550.00 English Books

© Delhi Public Library
Hit Counter
free hit counter